Galeria de personatges : De Benedetto Croce a Jaume Vicens i Vives / per Miquel Batllori De Benedetto Croce a Jaume Vicens i Vives / per Miquel Batllori
Descripción Física:
279 p. ; 20,5 cm
Colección:
Biografies catalanes ; 5
MARC
| LEADER | 00000nam a2200000Ia 4500 | ||
|---|---|---|---|
| 001 | 2239 | ||
| 008 | 160829s1975 xx 000 0 cat d | ||
| 080 | |a H-1-181 | ||
| 100 | |a Batllori, Miquel |9 22525 | ||
| 245 | |a Galeria de personatges : |b De Benedetto Croce a Jaume Vicens i Vives / per Miquel Batllori | ||
| 260 | |a Barcelona : |b Vicens - Vives, |c 1975 | ||
| 300 | |a 279 p. ; |c 20,5 cm | ||
| 490 | |a Biografies catalanes ; 5 | ||
| 650 | |a Cultura europea |x Història |x S. XIX/XX |9 33958 | ||
| 650 | 0 | |a Biografies |9 33959 | |
| 901 | |a Arxiu | ||
| 942 | |n 1 | ||
| 952 | |0 0 |1 0 |4 0 |6 H1181 |7 1 |9 46322 |a Arxiu |b Arxiu |d 2016-12-01 |l 0 |o H-1-181 |p 2239 |r 2016-12-01 00:00:00 |w 2016-12-01 |y ARXIU | ||
| 999 | |c 50107 |d 50107 | ||